So sánh luật tố tụng hành chính 2010 - 2015 và các văn bản hướng dẫn thi hành mới nhất
Sách gồm 2 phần: So sánh - đối chiếu luật tố tụng hành chính 2010-2015, văn bản hướng dẫn thi hành luật tố tụng hành chính và các văn bản liên quan.
Wedi'i Gadw mewn:
| Fformat: | Llyfr |
|---|---|
| Iaith: | Undetermined |
| Cyhoeddwyd: |
Hà Nội
Thế giới
2017
|
| Pynciau: | |
| Tagiau: |
Ychwanegu Tag
Dim Tagiau, Byddwch y cyntaf i dagio'r cofnod hwn!
|
| Thư viện lưu trữ: | Trung tâm Học liệu Trường Đại học Cần Thơ |
|---|
| LEADER | 00915nam a2200205Ia 4500 | ||
|---|---|---|---|
| 001 | CTU_230611 | ||
| 008 | 210402s9999 xx 000 0 und d | ||
| 020 | |c 350000 | ||
| 082 | |a 342.597066 | ||
| 082 | |b S400 | ||
| 245 | 0 | |a So sánh luật tố tụng hành chính 2010 - 2015 và các văn bản hướng dẫn thi hành mới nhất | |
| 245 | 0 | |c Nguyễn Ngọc Điệp (Biên soạn) | |
| 260 | |a Hà Nội | ||
| 260 | |b Thế giới | ||
| 260 | |c 2017 | ||
| 520 | |a Sách gồm 2 phần: So sánh - đối chiếu luật tố tụng hành chính 2010-2015, văn bản hướng dẫn thi hành luật tố tụng hành chính và các văn bản liên quan. | ||
| 650 | |a Tố tụng hành chính,Administrative procedure | ||
| 650 | |z Việt Nam,Vietnam | ||
| 910 | |b nthai | ||
| 980 | |a Trung tâm Học liệu Trường Đại học Cần Thơ | ||